Name the F1 team - Statistics

General Stats
  • This quiz has been taken 143 times
  • The average score is 10 of 12
Answer Stats
Picture Answer % Correct
Ferrari
100%
Red Bull
99%
Alfa Romeo
97%
Renault
95%
McLaren
94%
Lotus
93%
Toro Rosso
88%
Williams
88%
Jaguar
71%
Jordan
67%
Caterham
50%
HRT
36%
No matching quizzes found
Score Distribution
Percent of People with Each Score
Percentile by Number Answered
Your Score History
You have not taken this quiz